| 000 | 00388nam a2200133Ia 4500 | ||
|---|---|---|---|
| 005 | 20260328101457.0 | ||
| 008 | 260328s9999||||xx |||||||||||||| ||und|| | ||
| 100 | _aFitzroy, Charles | ||
| 245 | 0 |
_aItaly revealed : _b A Guide to art and Architecture in the italian Landscape / _cCharles Fitzroy |
|
| 260 | _bLittle Brown | ||
| 300 | _a143 p. | ||
| 650 | _aARQUITECTURA REGIONAL | ||
| 942 | _cBK | ||
| 999 |
_c8861 _d8861 |
||